000 00583nam a2200205Ia 4500
005 20250508164127.0
008 008 250505s9999 xx 000 0 eng d
020 _a81-85604-60-6
037 _aTextual
040 _aFEDL
_beng
_cFEDL
041 _aeng
_2eng
084 _a305.4, CHA
_qFEDL
100 _aChanda Ipshita
245 0 _aPackaging freedom : Feminism and popular culture
260 _aKolkata, India
_bMandira Sen for Stree
_c2003
300 _axxiii,195p.
650 _aSocial Structure
942 _cTEXL
_h305.4, CHA
999 _c1387194
_d1387194